Sociología y cambio social
Gespeichert in:
| 1. Verfasser: | |
|---|---|
| Format: | Buch |
| Sprache: | Spanisch |
| Veröffentlicht: |
Barcelona
Ariel
1997
|
| Schriftenreihe: | Ariel. Sociología
|
| Schlagworte: | |
| Tags: |
Tag hinzufügen
Keine Tags, Fügen Sie den ersten Tag hinzu!
|
MARC
| LEADER | 00000nam a2200000 a 4500 | ||
|---|---|---|---|
| 001 | UCN4376 | ||
| 003 | CL-VaPUC | ||
| 008 | 010803e19970000SP |||||||||||||||||spa|d | ||
| 020 | |a 8434416905 | ||
| 082 | 0 | 4 | |a 303.4 |b FRA |2 21 |
| 100 | 0 | |a Francisco, Andrés de |e author |9 460722 | |
| 245 | 1 | 0 | |a Sociología y cambio social |
| 300 | |a 207 p | ||
| 942 | |c BK | ||
| 945 | |d 20010803 00:00:00 |a vberengu | ||
| 260 | |a Barcelona |b Ariel |c 1997 | ||
| 650 | 0 | |a Cambio social |9 256857 | |
| 650 | 0 | |a Sociología |9 255410 | |
| 650 | 0 | |a Procesos sociales |9 337802 | |
| 650 | 0 | |a Dinámica social |9 334923 | |
| 583 | |a last modification |c 20010803 00:00:00 |k Rodrigo Vera | ||
| 490 | 0 | |a Ariel. Sociología | |
| 999 | |c 296623 |d 296621 | ||
| 952 | |0 0 |1 0 |4 0 |6 303_400000000000000_FRA_1997 |7 0 |8 A |9 350569 |a BIBGIM |b BIBGIM |d 2019-11-20 |i 3740749 |o 303.4 FRA 1997 |p 3740749 |r 2025-01-15 |w 2019-11-20 |y BK |k GIM | ||
| 952 | |0 0 |1 0 |4 0 |6 303_400000000000000_FRA_1997 |7 0 |8 A |9 350570 |a BIBGIM |b BIBGIM |d 2019-11-20 |i 3799638 |o 303.4 FRA 1997 |p 3799638 |r 2025-01-15 |w 2019-11-20 |y BK |k GIM | ||
| 952 | |0 0 |1 0 |4 0 |6 303_400000000000000_FRA_1997 |7 0 |8 A |9 350571 |a BIBEDU |b BIBEDU |d 2019-11-20 |i 3959597 |o 303.4 FRA 1997 |p 3959597 |r 2019-11-20 |w 2019-11-20 |y BK |k PSI | ||